00440nam a2200181 a 450000100060000000300090000600800410001502000150005604000280007108200170009910000240011624500110014026000300015130000100018165000230019165000170021465000270023112539CO-ViMGA141112s2004 ck r 000 u spa d a8423999181 aCO-ViMGAbspacCO-ViMGA04a923.544 P3711 aLottman, Herbert R.10aPetain aMadrid : bEspasa, c1998 a465p.14aFRANCIA - HISTORIA14aPETAIN HENRI14aPHILIPPE - 1856 - 1951